000 02330cam a22005174i 4500
003 PE-LiUPU
005 20250731172809.0
008 150617s r 000 0 d
020 _a8430108408
035 _a(Sirsi) i9788430108404
040 _aPE-LiUPU
_bspa
_cPE-LiUPU
_erda
049 _aPRUA
082 0 4 _a232.5
_bW57
_221
100 1 _aWilckens, Ulrich,
_eautor.
245 1 3 _aLa resurrección de Jesús /
_cUlrich Wilckens ; [tradujo del alemán, Victor A. Martínez de Lopera].
264 1 _aSalamanca :
_bSígueme,
_c1981.
300 _a158 páginas ;
_c19 centímetros
336 _atext
_2rdacontent
337 _aunmediated
_2rdamedia
338 _avolume
_2rdacarrier
490 0 _aBiblioteca de Estudios Bíblicos ;
_v27
505 0 _aResurrección en el nuevo testamento. Sobre las fuentes y su historia. El anuncio de la resurrección en las cartas de San Pablo. Los relatos de la resurrección en los evangelios -- Significado del concepto de resurrección. Vida y muerte en el antiguo testamento. Resurrección de los muertos en el judaísmo. La resurrección del Mesías Jesús en el marco de la esperanza judía de la resurrección -- Origen y significación de la predicación neotestamentaria de la resurrección.
526 _aSEG42
526 _aSEG41
526 _aSEG40
526 _aSEG39
526 _aP94
526 _aP87
526 _aP86
526 _aP85
526 _aP77
526 _aP76
526 _aP35
650 0 4 _aResurrección de Jesús.
700 1 _aMartínez de Lapera, Abelardo,
_etraductor.
910 _ajck
_bjvq
_cjck
_d20150616
942 _2ddc
_cBOOK
949 _a232.5 W57
_wDEWEY
_c1
_i22775
_lCCODEBUL1
_mBUL
_r0
_sY
_tBOOK
_u2015-6-17
_xTEOLOGIA
_PP35
_0COMPRA
_o.STAFF. Colección General
949 _a232.5 W57
_wDEWEY
_c2
_i22525
_lCCODEBUL1
_mBUL
_r0
_sY
_tBOOK
_u2015-6-17
_xTEOLOGIA
_PP35
_0COMPRA
_o.STAFF. Colección General
994 _aC0
_bPEPRU
596 _a1
999 _a232.5 W57
_wDEWEY
_c3836
_i22775
_f2021-11-10
_g5
_lCCODEBUL1
_mBUL
_r0
_sY
_tBOOK
_u2015-6-17
_xTEOLOGIA
_PP35
_0COMPRA
_o.STAFF. Colección General
_d3836
999 _a232.5 W57
_wDEWEY
_c2
_i22525
_f2021-11-10
_g5
_lCCODEBUL1
_mBUL
_r0
_sY
_tBOOK
_u2015-6-17
_xTEOLOGIA
_PP35
_0COMPRA
_o.STAFF. Colección General
980 _81
_gALBERTO SANCHEZ Responsable de Automatización